Microbiologie generale appliquee en agronomie et en foresterie (Record no. 10330)

000 -LEADER
fixed length control field 00251nam a22001097a 4500
040 ## - CATALOGING SOURCE
Transcribing agency SK
082 ## - DEWEY DECIMAL CLASSIFICATION NUMBER
Classification number 579
100 ## - MAIN ENTRY--AUTHOR NAME
Personal name LORD REASMEY
245 ## - TITLE STATEMENT
Title Microbiologie generale appliquee en agronomie et en foresterie
260 ## - PUBLICATION, DISTRIBUTION, ETC. (IMPRINT)
Place of publication NA
Name of publisher LOR
Year of publication 1999
942 ## - ADDED ENTRY ELEMENTS (KOHA)
Koha item type សៀវភៅភាសាអង់គ្លេស
952 ## - LOCATION AND ITEM INFORMATION (KOHA)
Withdrawn status [LOCAL, KOHA] 0
Holdings
Permanent Location Date acquired Koha item type Lost status Shelving location Barcode Current Location Full call number
Library Block C2016-10-17សៀវភៅភាសាអង់គ្លេស C173RUA046046Library Block C579 LOR 1999 C173
មជ្ឈមណ្ឌលឯការនៃសាកលវិទ្យាល័យភូមិន្ទកសិកម្មចំការដូង

Powered by Koha